L'expérience de la retraite au masculin et au féminin (notice n° 2213873)

détails MARC
000 -LEADER
fixed length control field 02725cam a2200205 4500500
005 - DATE AND TIME OF LATEST TRANSACTION
control field 20260419002923.0
041 ## - LANGUAGE CODE
Language code of text/sound track or separate title fre
042 ## - AUTHENTICATION CODE
Authentication code dc
100 10 - MAIN ENTRY--PERSONAL NAME
Personal name Guichard-Claudic, Yvonne
Relator term author
245 00 - TITLE STATEMENT
Title L'expérience de la retraite au masculin et au féminin
260 ## - PUBLICATION, DISTRIBUTION, ETC.
Date of publication, distribution, etc. 2001.<br/>
500 ## - GENERAL NOTE
General note 56
520 ## - SUMMARY, ETC.
Summary, etc. RésuméVoit-on se dessiner une uniformisation des expériences masculines et féminines du passage à la retraite ou bien les différences selon le sexe se maintiennent-elles, voire s’accentuent-elles, chez des retraité(e)s, dont on pense qu’ils(elles) ont adopté les modèles culturels, et notamment les idéaux égalitaires de la génération qui les suit ? L’article apporte quelques éléments de réponse à ces questions à partir de l’analyse de 32 entretiens approfondis recueillis auprès de retraité(e)s récent(e)s, belges et français, adossée aux résultats de deux questionnaires ayant obtenu 462 réponses au total. Trois dimensions ont été étudiées : les remaniements identitaires consécutifs à la cessation de l’activité professionnelle, la remise en cause des rôles familiaux et sociaux et la dimension spatiale au sein desquels s’inscrivent ces processus. L’imbrication des effets de période et de génération, des milieux d’appartenance et des usages sociaux du territoire contribue à produire des configurations d’attitudes diversifiées.
520 ## - SUMMARY, ETC.
Summary, etc. The experience of retirement for men and women. Différent itineraries according to social milieuAre we seeing a uniformisation of masculine and feminine experiences of retirement or are gender differences maintained, indeed becoming stronger, among retired people whom we imagine have adopted the cultural models and in particular the egalitarian ideals of the next generation ? This article offers some answers to these questions on the basis of the analysis of 32 in-depth interviews with recently retired people in France and Belgium, supported by the results of two questionnaires to which there were 462 replies in all. Three aspects were studied : the change in identity after professional activity ceases, the modification of roles in the family and socially and the territorial dimension of this change. The intertwining of the effects of the period, of the generation, of social milieu and social uses of territory contributes to producing different types of attitudes.
700 10 - ADDED ENTRY--PERSONAL NAME
Personal name Le Borgne-Uguen, Françoise
Relator term author
700 10 - ADDED ENTRY--PERSONAL NAME
Personal name Pennec, Simone
Relator term author
700 10 - ADDED ENTRY--PERSONAL NAME
Personal name Thomsin, Laurence
Relator term author
786 0# - DATA SOURCE ENTRY
Note Cahiers du Genre | 31 | 2 | 2001-12-01 | p. 81-104 | 1298-6046
856 41 - ELECTRONIC LOCATION AND ACCESS
Uniform Resource Identifier <a href="https://shs.cairn.info/revue-cahiers-du-genre-2001-2-page-81?lang=fr&redirect-ssocas=7080">https://shs.cairn.info/revue-cahiers-du-genre-2001-2-page-81?lang=fr&redirect-ssocas=7080</a>

Pas d'exemplaire disponible.

PLUDOC

PLUDOC est la plateforme unique et centralisée de gestion des bibliothèques physiques et numériques de Guinée administré par le CEDUST. Elle est la plus grande base de données de ressources documentaires pour les Étudiants, Enseignants chercheurs et Chercheurs de Guinée.

Adresse

627 919 101/664 919 101

25 boulevard du commerce
Kaloum, Conakry, Guinée

Réseaux sociaux

Powered by Netsen Group @ 2025